00714 2200253 4500001002100000005001700021008004100038020001800079035002400097040001200121082000800133090001500141100002200156245010300178250001100281260002600292300003800318650000900356700001300365700003300378700001600411850001200427990002100439YOGYA-0412000000031020120422195052.0 ind  a979-683-857-5 0010-041200000000310 aYOPDYOG a372 a372bSem P aSEMIAWAN, Conny R aPenerapan pembelajaran pada anakcConny R. Semiawan ; editor Yufiarti, Theodorus Immanuel Setiawan aCet. 2 aJakartabIndeksc2008 ax, 146 hlm.bilus.c24 cm ( 2eks) aAnak aYuliarti aSetiawan, Theodorus Immanuel aWaluyo Budi aYOPDYOG a46020-PD/B.09b1